[Event "3rd Kolkata Open Grandmaster Chess Tournament "]
[Site "Kolkata India"]
[EventDate "2008.03.23"]
[Date "2008.03.31"]
[Round "8"]
[White "Venkatesh, M R"]
[WhiteTitle "IM"]
[WhiteElo "2444"]
[Black "Tiwari, Arjun"]
[BlackTitle "-"]
[BlackElo "2322"]
[Result "1-0"]
[Source "MonRoi"]

1. Nf3 f5 2. d3 Nf6 3. Bg5 d5 4. Nbd2 Nc6 5. c3 e5 6. e4 Be7 7. Qb3 dxe4 8. Bxf6 Bxf6 9. dxe4 Qe7 10. O-O-O Qc5 11. Bc4 f4 12. Bg8 Qf8 13. Be6 Bxe6 14. Qxb7 Kf7 15. Qxc6 Qd6 16. Nc4 Qxc6 17. Ncxe5 Bxe5 18. Nxe5 Kf6 19. Nxc6 Bxa2 20. Rd7 Rhe8 21. e5 Kg6 22. Rhd1 Bb3 23. R1d4 a5 24. Rxc7 Be6 25. Rxf4  1-0

[Event "3rd Kolkata Open Grandmaster Chess Tournament "]
[Site "Kolkata India"]
[EventDate "2008.03.23"]
[Date "2008.03.31"]
[Round "8"]
[White "Barbosa, Oliver"]
[WhiteTitle "-"]
[WhiteElo "2410"]
[Black "Singh, Gurpreet Pal"]
[BlackTitle "-"]
[BlackElo "2292"]
[Result "1-0"]
[Source "MonRoi"]

1. d4 b5 2. Bg5 Bb7 3. Nd2 g6 4. c3 Qc8 5. e4 a6 6. a4 bxa4 7. Qxa4 Bg7 8. Ngf3 Nf6 9. Bd3 O-O 10. O-O h6 11. Bh4 g5 12. Bg3 Nh5 13. Rfe1 d6 14. Nc4 Bc6 15. Qd1 Nxg3 16. hxg3 Ra7 17. e5 Bd7 18. Ne3 Nc6 19. Bc2 dxe5 20. Qd3 f5 21. Qc4 Kh8 22. Nxf5 Bxf5 23. Bxf5 Qxf5 24. Qxc6 exd4 25. cxd4 g4 26. Nh4 Qxf2 27. Kh2 Kg8 28. Rxe7 Qxd4 29. Qe6  1-0

[Event "3rd Kolkata Open Grandmaster Chess Tournament "]
[Site "Kolkata India"]
[EventDate "2008.03.23"]
[Date "2008.03.31"]
[Round "8"]
[White "Swapnil, S  Dhopade"]
[WhiteTitle "-"]
[WhiteElo "2319"]
[Black "Satyapragyan, Swayangsu"]
[BlackTitle "IM"]
[BlackElo "2406"]
[Result "1/2-1/2"]
[Source "MonRoi"]

1. d4 Nf6 2. c4 c5 3. Nf3 cxd4 4. Nxd4 Nc6 5. g3 Qb6 6. Nb3 h5 7. h3 Ne5 8. Bg2 Nxc4 9. Nc3 e6 10. e4 d6 11. Qe2 Ne5 12. Be3 Qd8 13. O-O Bd7 14. f4 Nc6 15. Rfd1 Qb8 16. Qd2 Be7 17. Nb5 d5 18. e5 Nh7 19. Qe2 h4 20. gxh4 O-O 21. Bc5 Qd8 22. Bxe7 Qxe7 23. h5 f6 24. exf6 Rxf6 25. Qe3 Raf8 26. Rf1 Be8 27. Rae1 Bxh5 28. N5d4 Re8 29. f5 exf5 30. Bxd5 Kh8 31. Qxe7 Rxe7 32. Rxe7  1/2-1/2

[Event "3rd Kolkata Open Grandmaster Chess Tournament "]
[Site "Kolkata India"]
[EventDate "2008.03.23"]
[Date "2008.03.31"]
[Round "8"]
[White "Ramakrishna, J"]
[WhiteTitle "FM"]
[WhiteElo "2296"]
[Black "Das, Arghyadip"]
[BlackTitle "-"]
[BlackElo "2404"]
[Result "0-1"]
[Source "MonRoi"]

1. e4 c5 2. Nc3 a6 3. f4 b5 4. Nf3 Bb7 5. d3 e6 6. g3 Nf6 7. Bg2 b4 8. Ne2 d5 9. e5 Nfd7 10. g4 Nc6 11. Ng3 Qc7 12. O-O Be7 13. c3 O-O-O 14. d4 f6 15. Qe2 fxe5 16. fxe5 Rdf8 17. Be3 bxc3 18. bxc3 Nb6 19. Nh5 Rf7 20. Nf4 Qd7 21. dxc5 Nc4 22. Nd3 Rhf8 23. Bd4 a5 24. a4 Ba6 25. Rfb1 Bd8 26. Rb3 Rxf3 27. Bxf3 Rxf3 28. Qxf3 Nd2 29. Qd1 Nxb3 30. Qxb3 Bxd3 31. Rd1 Bc4 32. Qc2 Qf7 33. Qf2 Qxf2 34. Kxf2 Bb3 35. Ra1 Bc7 36. Ke3 Nxe5 37. h3 Nc4 38. Ke2 e5 39. Bf2 Nb2 40. Ke1 Bxa4  0-1

[Event "3rd Kolkata Open Grandmaster Chess Tournament "]
[Site "Kolkata India"]
[EventDate "2008.03.23"]
[Date "2008.03.31"]
[Round "8"]
[White "Matta, Vinay Kumar"]
[WhiteTitle "-"]
[WhiteElo "2260"]
[Black "Kamble, Vikramaditya"]
[BlackTitle "IM"]
[BlackElo "2387"]
[Result "1-0"]
[Source "MonRoi"]

1. e4 e6 2. d4 d5 3. Nc3 Nf6 4. e5 Nfd7 5. f4 c5 6. Nf3 Qb6 7. Na4 Qa5 8. c3 c4 9. b4 cxb3 10. axb3 b5 11. b4 Qa6 12. Be3 Qc6 13. Nc5 Nb6 14. Bd3 Nc4 15. Bc1 a5 16. O-O axb4 17. Rxa8 Qxa8 18. cxb4 Nc6 19. Bxc4 dxc4 20. Bd2 Bxc5 21. dxc5 O-O 22. Ng5 h6 23. Ne4 Nxe5 24. Nf6 gxf6 25. fxe5 Qe4 26. Bxh6 Bb7 27. Rf3 Ra8 28. Rg3 Kh7 29. Bg5 fxg5 30. Qh5 Kg7 31. Rxg5 Qg6 32. Rxg6 fxg6 33. Qg5 Bd5 34. Qf6 Kh7 35. Qf7 Kh6 36. Qf4 Kh7 37. g4 c3 38. Qf7 Kh6 39. Qf4 Kg7 40. Qc1 Ra2 41. Qxc3 Rg2 42. Kf1 Rxg4 43. Qa3 Rf4 44. Ke1 Re4 45. Kf2 Rc4 46. Qa5 Kh6 47. Qxb5 Kg5 48. Ke3 Kf5 49. Kd3 Rh4 50. c6 Rh3 51. Kd4 Rh4 52. Kc5 Rxh2 53. Kd6 Ke4 54. c7 Rd2 55. Ke7 Rc2 56. Qb8 g5 57. c8Q Rxc8 58. Qxc8 g4 59. Kd6 g3 60. Qc1 g2 61. Qg1 Kf3 62. b5 Kf4 63. b6 Kf5 64. Qf2 Kg4 65. Kc7 Kh3 66. Qg1  1-0

[Event "3rd Kolkata Open Grandmaster Chess Tournament "]
[Site "Kolkata India"]
[EventDate "2008.03.23"]
[Date "2008.04.01"]
[Round "9"]
[White "Sandipan, Chanda"]
[WhiteTitle "GM"]
[WhiteElo "2593"]
[Black "Sasikiran, Krishnan"]
[BlackTitle "GM"]
[BlackElo "2677"]
[Result "0-1"]
[Source "MonRoi"]

1. e4 c5 2. Nf3 d6 3. Bb5 Nd7 4. O-O Ngf6 5. Re1 a6 6. Bf1 b6 7. c4 Bb7 8. Nc3 Ne5 9. Nxe5 dxe5 10. d3 e6 11. a4 Bc6 12. Qf3 Nd7 13. Qg3 g6 14. Bg5 Be7 15. Bd2 h5 16. a5 h4 17. Qh3 b5 18. f4 exf4 19. Bxf4 g5 20. Bd2 Bf6 21. Be3 b4 22. Nd1 Qe7 23. Be2 Rg8 24. Rf1 O-O-O 25. Ra2 g4 26. Bxg4 Ne5 27. Be2 Nxd3 28. Bxd3 Rxd3 29. Nf2 Rxe3 30. Qxe3 Bd4 31. Qf4 f5 32. Kh1 Qg7 33. g3 fxe4 34. Qxh4 e3 35. Ne4 e2 36. Re1 Qh6  0-1

[Event "3rd Kolkata Open Grandmaster Chess Tournament "]
[Site "Kolkata India"]
[EventDate "2008.03.23"]
[Date "2008.04.01"]
[Round "9"]
[White "Arun Prasad, S"]
[WhiteTitle "IM"]
[WhiteElo "2423"]
[Black "Dobrov, Vladimir"]
[BlackTitle "GM"]
[BlackElo "2501"]
[Result "1-0"]
[Source "MonRoi"]

1. d4 d5 2. Nf3 Nf6 3. c4 e6 4. g3 dxc4 5. Qa4 Nbd7 6. Qxc4 a6 7. Qc2 b6 8. Bg2 Bb7 9. O-O c5 10. Nc3 Rc8 11. Rd1 b5 12. dxc5 Bxc5 13. Ne5 Bxg2 14. Kxg2 Qb6 15. Nxd7 Nxd7 16. Ne4 Qb7 17. f3 Be7 18. Qd3 Rc6 19. Bf4 f5 20. Nd6 Bxd6 21. Bxd6 Kf7 22. e4 fxe4 23. fxe4 Rhc8 24. Rd2 Rc4 25. Re1 Nf6 26. Be5 Rxe4 27. Qf3 Qc6 28. Rxe4 Qxe4 29. Rd7 Ke8 30. Qxe4 Nxe4 31. Rxg7 Rc2 32. Kf3 Nd2 33. Kg4 Nc4 34. Bf6 Rf2 35. Bd4 Rxh2 36. Ra7 e5 37. Bc5 Nxb2 38. Kf5 Rh5 39. Ke4 Na4 40. Bb4 Rg5 41. a3 Rg6 42. Kf5 Nb2 43. g4 Rh6 44. g5 Rh1 45. Ke6 Kd8 46. Bd6 Rc1 47. Rxh7 Kc8 48. g6 Rg1 49. g7 e4 50. Rh8 Kb7 51. g8Q Rxg8 52. Rxg8 e3 53. Kd5  1-0

[Event "3rd Kolkata Open Grandmaster Chess Tournament "]
[Site "Kolkata India"]
[EventDate "2008.03.23"]
[Date "2008.04.01"]
[Round "9"]
[White "Ghaem Maghami, Ehsan"]
[WhiteTitle "GM"]
[WhiteElo "2589"]
[Black "Saptarshi, Roy"]
[BlackTitle "IM"]
[BlackElo "2404"]
[Result "1/2-1/2"]
[Source "MonRoi"]

1. e4 e5 2. Nf3 Nc6 3. Bb5 a6 4. Bxc6 dxc6 5. O-O Bg4 6. h3 h5 7. d3 Bxf3 8. Qxf3 Qd7 9. Qg3 Qe6 10. f4 h4 11. Qf2 Nf6 12. Nc3 Nh5 13. Ne2 Bd6 14. Qxh4 Bc5 15. Kh1 Kd7 16. fxe5 f6 17. exf6 Nxf6 18. Qg3 Raf8 19. Rf5 Nh5 20. Rxh5 Rxh5 21. Kh2 Rf1 22. d4 Qxe4 23. dxc5 Qxe2 24. Qxg7 Ke8 25. Qg8 Kd7 26. Qg7 Ke8 27. Qg8 Rf8 28. Qg6 Kd7 29. Qg7 Qe7 30. Qg4 Rhf5  1/2-1/2

[Event "3rd Kolkata Open Grandmaster Chess Tournament "]
[Site "Kolkata India"]
[EventDate "2008.03.23"]
[Date "2008.04.01"]
[Round "9"]
[White "Nolte, Rolando"]
[WhiteTitle "-"]
[WhiteElo "2412"]
[Black "Abdulla, Al Rakib"]
[BlackTitle "GM"]
[BlackElo "2506"]
[Result "1-0"]
[Source "MonRoi"]

1. e4 e5 2. Nf3 Nc6 3. Bb5 a6 4. Ba4 Nf6 5. O-O Be7 6. Re1 b5 7. Bb3 d6 8. c3 O-O 9. h3 Nd7 10. d4 Bf6 11. a4 Bb7 12. Be3 Na5 13. Bc2 Nc4 14. Bc1 exd4 15. cxd4 c5 16. Qd3 g6 17. axb5 axb5 18. Rxa8 Bxa8 19. b3 Na5 20. Bf4 d5 21. Qxb5 Bc6 22. Qa6 dxe4 23. Ne5 Bb7 24. Qb5 Bxe5 25. dxe5 Bc6 26. Qa6 Bd5 27. Nd2 f5 28. e6 g5 29. Bh2 Rf6 30. e7 Qxe7 31. Qxa5 Re6 32. Nc4 f4 33. Rd1 Bc6 34. Qc7 e3 35. fxe3 fxe3 36. Bd6 Qf6 37. Qxc6  1-0

[Event "3rd Kolkata Open Grandmaster Chess Tournament "]
[Site "Kolkata India"]
[EventDate "2008.03.23"]
[Date "2008.04.01"]
[Round "9"]
[White "Bakre, Tejas"]
[WhiteTitle "GM"]
[WhiteElo "2459"]
[Black "Barua, Dibyendu"]
[BlackTitle "GM"]
[BlackElo "2491"]
[Result "1-0"]
[Source "MonRoi"]

1. e4 e6 2. d4 d5 3. Nc3 Nf6 4. Bg5 dxe4 5. Nxe4 Be7 6. Bxf6 gxf6 7. Qd3 f5 8. Nc3 Bf6 9. O-O-O c6 10. f4 Na6 11. a3 Nc7 12. g4 Nd5 13. gxf5 Nxc3 14. Qxc3 Qd5 15. Nf3 Qe4 16. Bc4 Bd7 17. fxe6 fxe6 18. Rhe1 Qxf4 19. Kb1 O-O-O 20. Bxe6 Bxe6 21. Rxe6 Rhf8 22. Qe3 Bh8 23. Rd3 Qxe3 24. Rexe3 Rd5 25. Re7 Rd7 26. Rxd7 Kxd7 27. c3 Rf5 28. Kc2 Rh5 29. Kd2 Bg7 30. Ke2 Bh6 31. Rd1 a5 32. a4 Kd6 33. Rg1 b5 34. b3 bxa4 35. bxa4 c5 36. Rg4 cxd4 37. cxd4 Kd5 38. Kd3 Rf5 39. Ne5 Rf2 40. Rh4 Bf4 41. Ng4 Rd2 42. Kc3 Rxd4 43. Rh5 Ke4 44. Nf6  1-0

[Event "3rd Kolkata Open Grandmaster Chess Tournament "]
[Site "Kolkata India"]
[EventDate "2008.03.23"]
[Date "2008.04.01"]
[Round "9"]
[White "Murshed, Niaz"]
[WhiteTitle "GM"]
[WhiteElo "2428"]
[Black "David, Alberto"]
[BlackTitle "GM"]
[BlackElo "2557"]
[Result "0-1"]
[Source "MonRoi"]

1. Nf3 Nf6 2. d4 c5 3. d5 b5 4. Bg5 Ne4 5. Bf4 Bb7 6. a4 Nf6 7. e4 b4 8. Bd3 g6 9. c4 d6 10. O-O Bg7 11. Ra2 O-O 12. b3 Nbd7 13. Re1 Qc7 14. Bf1 Rae8 15. h3 Nh5 16. Bh2 e5 17. dxe6 Rxe6 18. g4 Nhf6 19. Ng5 Re5 20. Bxe5 dxe5 21. Bg2 h6 22. Nf3 Nxe4 23. Rae2 Nc3 24. Nxc3 bxc3 25. Nh4 e4 26. Bxe4 Bxe4 27. Rxe4 Ne5 28. Qc2 Rd8 29. Qxc3 Rd3 30. Qc1 Rxh3 31. Rxe5 Bxe5 32. Qxh6 Qd8 33. g5  0-1

[Event "3rd Kolkata Open Grandmaster Chess Tournament "]
[Site "Kolkata India"]
[EventDate "2008.03.23"]
[Date "2008.04.01"]
[Round "9"]
[White "Das, Arghyadip"]
[WhiteTitle "-"]
[WhiteElo "2404"]
[Black "Hossain, Enamul"]
[BlackTitle "IM"]
[BlackElo "2522"]
[Result "1/2-1/2"]
[Source "MonRoi"]

1. e4 e6 2. d4 d5 3. e5 c5 4. c3 Nc6 5. Nf3 Bd7 6. Be2 Nge7 7. Na3 cxd4 8. cxd4 Ng6 9. h4 Be7 10. g3 O-O 11. h5 Nh8 12. Nc2 f6 13. exf6 Bxf6 14. Bf4 Nf7 15. Qd2 Nxd4 16. Ncxd4 e5 17. Nxe5 Nxe5 18. Bxe5 Bxe5 19. Nf3 Bf6 20. Qxd5 Kh8 21. Nh4 Bxh4 22. Rxh4 Re8 23. Re4 Rxe4 24. Qxe4 Qa5 25. b4 Qc7 26. Kf1 Re8 27. Qc4 Qe5 28. Rd1 Ba4 29. Re1 a6 30. Qf4 Qe6 31. Qg4 Qxa2 32. h6 Qb2 33. hxg7 Qxg7 34. Qxg7 Kxg7 35. Rc1  1/2-1/2

[Event "3rd Kolkata Open Grandmaster Chess Tournament "]
[Site "Kolkata India"]
[EventDate "2008.03.23"]
[Date "2008.04.01"]
[Round "9"]
[White "Murali, Krishnan B T"]
[WhiteTitle "-"]
[WhiteElo "2363"]
[Black "Sriram, Jha"]
[BlackTitle "IM"]
[BlackElo "2457"]
[Result "1/2-1/2"]
[Source "MonRoi"]

1. d4 d5 2. c4 e6 3. Nf3 c6 4. Qc2 Nf6 5. g3 Be7 6. Bg2 Nbd7 7. O-O O-O 8. Nbd2 b6 9. e4 Bb7 10. Rd1 Rc8 11. b3 Qc7 12. Bb2 Qb8 13. Rac1 Rfd8 14. e5 Ne8 15. Qd3 c5 16. Qe3 Qa8 17. Qf4 h6 18. h4 Nf8 19. dxc5 Bxc5 20. g4 dxc4 21. Nxc4 Ng6 22. Qg3 Rxd1 23. Rxd1 Rd8 24. Re1 Rd3 25. Ne3 Bxe3 26. Rxe3 Qd8 27. h5 Rxe3 28. fxe3 Ne7 29. Qe1 Qd3 30. Kf2 Qe4 31. Qd2 Nd5 32. Nh2 Qb1 33. a3 Nec7 34. Nf1 Na6 35. b4 Qa2 36. Ng3 Qb3 37. Ne2 Qc4 38. Nd4 Qc8 39. Nb5 Qd8 40. Kg3 Qg5 41. Bd4 Nb8 42. Nd6 Bc6 43. Qc1 Bd7 44. Qf1 Qe7 45. Bxd5 exd5 46. Qf3 Be6 47. Nf5 Qc7 48. Qf4 Qc1 49. Ne7 Kf8 50. Nf5 Qg1 51. Kh3 Qh1 52. Kg3 Nd7 53. Nh4 Qe1 54. Kh3 Qc1 55. a4 Qh1 56. Kg3 Qe1 57. Kh3 Qxb4 58. Nf3 Qxa4 59. Kh4 Qc2 60. g5 Qf2 61. Qg3 Qxg3 62. Kxg3 Ke7 63. gxh6 gxh6 64. Bb2 Nc5 65. Nd4 Kd7 66. Ba3 a6 67. Nf3 Ke8 68. Nd4 Nd3 69. Nc6 a5 70. Bd6 Bd7 71. Ne7 Nxe5 72. Nxd5 Nc4 73. Bf4 Be6 74. Nc3 Na3 75. Bc7 Nc4 76. Bf4 Na3 77. Bc7 Nc4 78. Bf4 Bd7 79. Bxh6 b5 80. e4 f6 81. Bc1 Kf7 82. Nd5 b4 83. Ne3 Nd6 84. Kf4 a4 85. e5 Nb5 86. exf6 a3 87. h6 Kxf6 88. Nd5 Kg6 89. Nxb4 Kxh6 90. Nc2 a2 91. Bb2 Nd6 92. Nb4 Be6 93. Ke5 Nc4 94. Kxe6 Nxb2 95. Nxa2  1/2-1/2

[Event "3rd Kolkata Open Grandmaster Chess Tournament "]
[Site "Kolkata India"]
[EventDate "2008.03.23"]
[Date "2008.04.01"]
[Round "9"]
[White "Prakash, G B"]
[WhiteTitle "IM"]
[WhiteElo "2341"]
[Black "Venkatesh, M R"]
[BlackTitle "IM"]
[BlackElo "2444"]
[Result "1-0"]
[Source "MonRoi"]

1. d4 Nf6 2. c4 e6 3. Nf3 b6 4. g3 Ba6 5. Qc2 Bb4 6. Bd2 Qe7 7. Bg2 O-O 8. O-O d5 9. Ne5 c6 10. Bxb4 Qxb4 11. Nd2 Rc8 12. e4 Nbd7 13. Nd3 Qe7 14. Rfe1 dxc4 15. Nxc4 b5 16. Na5 c5 17. e5 Nd5 18. dxc5 Nxc5 19. Rac1 Na4 20. Qd2 Rxc1 21. Rxc1 Rc8 22. Nc6 Qd7 23. Ndb4 Nab6 24. Nxd5 exd5 25. Nd4 Nc4 26. Qe2 Re8 27. f4 Qe7 28. b3 Nb6 29. a4 Qb4 30. Rd1 Qc5 31. axb5 Bc8 32. h3 Bd7 33. Kh2 g6 34. h4 Nc8 35. Qc2 Qxc2 36. Nxc2 Bxb5 37. Nd4 Bd7 38. Bxd5 Nb6 39. Bc6 Bg4 40. Bxe8 Bxd1 41. Bc6 Kf8 42. Kg2 Bg4 43. Kf2 Bc8 44. Ke3 a5 45. Nf3 Be6 46. Nd2 Ke7 47. Kd4 Kd8 48. Kc5 Kc7 49. Bb5 h5 50. Nc4 Nd5 51. Nxa5 Nc3 52. Bd3 Bg4 53. Nc4 Be6 54. b4 Na4 55. Kd4 Kc6 56. Bc2 Kb5 57. Bxa4 Kxa4 58. Kc5 Kb3 59. Nd6 Kc3 60. b5  1-0

[Event "3rd Kolkata Open Grandmaster Chess Tournament "]
[Site "Kolkata India"]
[EventDate "2008.03.23"]
[Date "2008.04.01"]
[Round "9"]
[White "Sundararajan, Kidambi"]
[WhiteTitle "IM"]
[WhiteElo "2442"]
[Black "Matta, Vinay Kumar"]
[BlackTitle "-"]
[BlackElo "2260"]
[Result "1-0"]
[Source "MonRoi"]

1. d4 Nf6 2. Nf3 g6 3. Bg5 Bg7 4. Nbd2 c5 5. c3 O-O 6. Bxf6 exf6 7. dxc5 Qe7 8. Nb3 Re8 9. e3 f5 10. Bc4 f4 11. O-O fxe3 12. fxe3 Nc6 13. e4 Rf8 14. Qd5 b5 15. Bxb5 Bb7 16. Qd6 Qxe4 17. Rae1 Qf5 18. Nfd4 Qg5 19. Nxc6 dxc6 20. Bc4 Qh4 21. Qf4 Qxf4 22. Rxf4 Bh6 23. Rf3 Bc8 24. Re7 Bf5 25. Nd4 Rab8 26. b4  1-0

[Event "3rd Kolkata Open Grandmaster Chess Tournament "]
[Site "Kolkata India"]
[EventDate "2008.03.23"]
[Date "2008.04.01"]
[Round "9"]
[White "Neelotpal, Das"]
[WhiteTitle "GM"]
[WhiteElo "2486"]
[Black "Nadig, Kruttika"]
[BlackTitle "WIM"]
[BlackElo "2208"]
[Result "1-0"]
[Source "MonRoi"]

1. Nf3 Nf6 2. d4 d5 3. c4 c6 4. e3 Bf5 5. Nc3 e6 6. Nh4 Bg6 7. Nxg6 hxg6 8. Bd2 Nbd7 9. g3 Be7 10. Qe2 dxc4 11. Qxc4 Nb6 12. Qb3 Qd7 13. Bg2 O-O 14. Rd1 Rfd8 15. O-O c5 16. Ne2 c4 17. Qc2 Rac8 18. e4 Qc6 19. Bg5 Rc7 20. Rd2 Qb5 21. Bf4 Rcc8 22. Nc3 Qa5 23. h4 Nfd7 24. Bh3 g5 25. hxg5 Bxg5 26. Bxg5 Qxg5 27. Rfd1 e5 28. Kg2 Rb8 29. dxe5 Nc5 30. f4 Qe7 31. Nd5 Nxd5 32. exd5 b5 33. d6 Qb7 34. Rd5 Nd3 35. R1xd3 cxd3 36. Qxd3 Qc6 37. Kh2 Rb6 38. Qd2 b4 39. Bg2 Rb5 40. Rd4 Qb6 41. Bd5 Kf8 42. Bb3 Qc5 43. Rc4 Qd5 44. Qe2 Rc5 45. Rc1 Qc6 46. Qh5  1-0

[Event "3rd Kolkata Open Grandmaster Chess Tournament "]
[Site "Kolkata India"]
[EventDate "2008.03.23"]
[Date "2008.04.01"]
[Round "9"]
[White "Saravanan, V"]
[WhiteTitle "IM"]
[WhiteElo "2379"]
[Black "Laxman, R R"]
[BlackTitle "IM"]
[BlackElo "2440"]
[Result "0-1"]
[Source "MonRoi"]

1. Nf3 Nf6 2. c4 e6 3. Nc3 Bb4 4. Qc2 O-O 5. a3 Bxc3 6. Qxc3 b6 7. e3 Bb7 8. Be2 c5 9. O-O d6 10. b4 Nbd7 11. Bb2 Rc8 12. d4 Ne4 13. Qb3 Rc7 14. Rad1 Qa8 15. dxc5 bxc5 16. b5 d5 17. a4 a5 18. Ne5 Nb6 19. f3 Nd6 20. cxd5 exd5 21. e4 d4 22. Ba3 Qe8 23. Nc6 Bxc6 24. Bxc5 Bd5  0-1

[Event "3rd Kolkata Open Grandmaster Chess Tournament "]
[Site "Kolkata India"]
[EventDate "2008.03.23"]
[Date "2008.04.01"]
[Round "9"]
[White "Satyapragyan, Swayangsu"]
[WhiteTitle "IM"]
[WhiteElo "2406"]
[Black "Babu, N Sudhakar"]
[BlackTitle "IM"]
[BlackElo "2333"]
[Result "0-1"]
[Source "MonRoi"]

1. e4 e5 2. Nf3 Nc6 3. Bb5 a6 4. Ba4 Nf6 5. d3 d6 6. c3 g6 7. O-O Bg7 8. Re1 O-O 9. Bg5 h6 10. Bh4 Re8 11. Nbd2 b5 12. Bc2 Bb7 13. Nf1 d5 14. exd5 Qxd5 15. Ne3 Qd7 16. Nd2 Nd4 17. cxd4 exd4 18. Ne4 dxe3 19. Bxf6 exf2 20. Kxf2 Qf5 21. Kg1 Bxf6 22. Rf1 Bd4 23. Kh1 Qe6 24. Bb3 Bd5 25. Bxd5 Qxd5 26. Qc1 Kg7 27. Qxc7 Bxb2 28. Rad1 Be5 29. Qb6 Bd4 30. Qa5 Rec8 31. Rc1 Rxc1 32. Rxc1 Be5 33. Rd1 Rd8 34. Qd2 Qd4 35. Qe2 Bb8 36. Qf3 Qe5 37. Ng3 h5 38. Rf1 Rd7 39. Qc6 Rxd3 40. Qb7 Bc7  0-1

[Event "3rd Kolkata Open Grandmaster Chess Tournament "]
[Site "Kolkata India"]
[EventDate "2008.03.23"]
[Date "2008.04.02"]
[Round "10"]
[White "Nolte, Rolando"]
[WhiteTitle "-"]
[WhiteElo "2412"]
[Black "Sandipan, Chanda"]
[BlackTitle "GM"]
[BlackElo "2593"]
[Result "1/2-1/2"]
[Source "MonRoi"]

1. e4 c5 2. Nf3 d6 3. d4 cxd4 4. Nxd4 Nf6 5. Nc3 e6 6. Be3 a6 7. f3 b5 8. Qd2 Nbd7 9. g4 b4 10. Nce2 h6 11. O-O-O Ne5 12. Ng3 d5 13. g5 hxg5 14. Bxg5 Bb7 15. f4 Nc4 16. Qe1 Qa5 17. Kb1 Qc7 18. e5 Nh7 19. Bh4 Bc5 20. Nh5 Bxd4 21. Rxd4 g6 22. Nf6 Nxf6 23. Bxf6 Qb6 24. Qf2 Rc8 25. Bxc4 Rxc4 26. Rxd5 Qc7 27. Rd8 Qxd8 28. Bxd8 Kxd8 29. Rd1 Kc8 30. b3 Rc7 31. Rd4 a5 32. h4 Kb8 33. a3 bxa3 34. Ka2 Rhc8 35. Rd2 a4 36. Kxa3 axb3 37. cxb3 Bd5 38. Rd4 Rb7 39. Rb4 Rc3 40. Rxb7 Kxb7 41. Kb2 Rxb3 42. Kc2 Rf3  1/2-1/2

[Event "3rd Kolkata Open Grandmaster Chess Tournament "]
[Site "Kolkata India"]
[EventDate "2008.03.23"]
[Date "2008.04.02"]
[Round "10"]
[White "Safin, Shukhrat"]
[WhiteTitle "GM"]
[WhiteElo "2493"]
[Black "Bakre, Tejas"]
[BlackTitle "GM"]
[BlackElo "2459"]
[Result "1-0"]
[Source "MonRoi"]

1. d4 Nf6 2. c4 e6 3. Nf3 d5 4. Nc3 Bb4 5. Bg5 h6 6. Bxf6 Qxf6 7. g3 O-O 8. Bg2 dxc4 9. O-O Nc6 10. Ne4 Qf5 11. Qc2 Rd8 12. Rfd1 Be7 13. e3 Nb4 14. Qb1 Nd3 15. Ned2 e5 16. Nxc4 e4 17. Rxd3 exd3 18. Nfe5 c6 19. Nxd3 Be6 20. Nd2 Qa5 21. Ne4 Bd5 22. Nf4 Bd6 23. Nxd5 cxd5 24. Nc3 Bb4 25. Ne2 Bd6 26. Nc3 Bb4 27. Ne2 Bd6 28. a3 g6 29. Nc3 Bf8 30. Qa2 Rac8 31. Bxd5 Rc7 32. h4 Kg7 33. Bf3 Qf5 34. Kg2 Qe6 35. Bd5 Qd6 36. Nb5  1-0

[Event "3rd Kolkata Open Grandmaster Chess Tournament "]
[Site "Kolkata India"]
[EventDate "2008.03.23"]
[Date "2008.04.02"]
[Round "10"]
[White "Ashwin, Jayaram"]
[WhiteTitle "IM"]
[WhiteElo "2478"]
[Black "Ghaem Maghami, Ehsan"]
[BlackTitle "GM"]
[BlackElo "2589"]
[Result "1-0"]
[Source "MonRoi"]

1. e4 c5 2. Nf3 d6 3. d4 cxd4 4. Nxd4 Nf6 5. Nc3 a6 6. Be3 e5 7. Nb3 Be7 8. Qd2 O-O 9. O-O-O b5 10. f3 Be6 11. Nd5 Bxd5 12. exd5 Qc7 13. Kb1 Nbd7 14. c4 bxc4 15. Rc1 Nb6 16. Na5 Bd8 17. Bxb6 Qxb6 18. Nc6 Nd7 19. Rxc4 a5 20. Bd3 Bf6 21. Be4 Nc5 22. h4 a4 23. Qc2 Nxe4 24. fxe4 a3 25. b3 h5 26. Qe2 g6 27. Rb4 Qc7 28. g4 hxg4 29. Qxg4 Kg7 30. Rc4 Rh8 31. h5 Qb6 32. Rc2 Qe3 33. Rg2 Qd3 34. Rc2 Rh6 35. Qe2 Qg3 36. Qg2 Qd3 37. Rh3 Qa6 38. Rf2 Rf8 39. Qf3 Bg5 40. hxg6 Rxh3 41. Qxh3 fxg6 42. Qd7 Kg8 43. Rxf8 Kxf8 44. Qxd6 Kg7 45. Qxe5 Bf6 46. Qc7 Kg8 47. Qb8 Kf7 48. Qc7 Kg8 49. Qb8 Kf7 50. Qa7 Qxa7 51. Nxa7 g5 52. Nc6 g4 53. e5 Bg7 54. e6 Kf6 55. Nd4 Bf8 56. Kc2 Bc5 57. Kd3 g3 58. Ne2 g2 59. Kc4 g1Q 60. Nxg1 Bxg1 61. Kb5 Be3 62. Kc6 Bd2 63. Kd7  1-0

[Event "3rd Kolkata Open Grandmaster Chess Tournament "]
[Site "Kolkata India"]
[EventDate "2008.03.23"]
[Date "2008.04.02"]
[Round "10"]
[White "Konguvel, Ponnuswamy"]
[WhiteTitle "IM"]
[WhiteElo "2394"]
[Black "Hossain, Enamul"]
[BlackTitle "IM"]
[BlackElo "2522"]
[Result "1/2-1/2"]
[Source "MonRoi"]

1. e4 c5 2. Nf3 Nc6 3. d4 cxd4 4. Nxd4 Nf6 5. Nc3 e5 6. Ndb5 d6 7. Bg5 a6 8. Na3 b5 9. Nd5 Be7 10. Bxf6 Bxf6 11. c3 Ne7 12. Nxf6 gxf6 13. Bd3 d5 14. Qe2 d4 15. cxd4 Qxd4 16. Nc2 Qb6 17. O-O Ng6 18. g3 h5 19. Ne3 Be6 20. a4 Rb8 21. axb5 axb5 22. Qf3 Ke7 23. Rfd1 h4 24. Nd5 Bxd5 25. exd5 Rbd8 26. Bxg6 fxg6 27. d6 Kf7 28. Qd5 Kg7 29. d7 hxg3 30. hxg3 Rhf8 31. Rac1 Rf7 32. Rc6 Qb7 33. Rd6 Qxd5 34. R1xd5 Re7 35. Kf1 Kf7 36. Ke2  1/2-1/2

[Event "3rd Kolkata Open Grandmaster Chess Tournament "]
[Site "Kolkata India"]
[EventDate "2008.03.23"]
[Date "2008.04.02"]
[Round "10"]
[White "Abdulla, Al Rakib"]
[WhiteTitle "GM"]
[WhiteElo "2506"]
[Black "Udeshi, Aditya"]
[BlackTitle "-"]
[BlackElo "2331"]
[Result "1-0"]
[Source "MonRoi"]

1. d4 d5 2. c4 e6 3. Nc3 c5 4. cxd5 exd5 5. Nf3 Nc6 6. e3 Nf6 7. Be2 a6 8. O-O Bd6 9. dxc5 Bxc5 10. b3 O-O 11. Bb2 Ba7 12. Rc1 Re8 13. Na4 Ne4 14. Nd4 Qd6 15. Rc2 Bd7 16. Nxc6 Bxc6 17. Bd4 Bb8 18. g3 Bc7 19. Qc1 Re6 20. Bf3 Rg6 21. Nc5 Nxc5 22. Bxc5 Qe6 23. Bd4 Qf5 24. Qd1 Re8 25. a4 Bb8 26. Rd2 Rh6 27. Bg4 Qg5 28. f4 Qe7 29. Qa1 Bd6 30. Rc1 Qf8 31. Bf3 Bb4 32. Rd3 Rd6 33. Rcd1 Rd7 34. Rc1 h6 35. Kf2 Ba3 36. Rc2 Bb4 37. Rd1 Red8 38. Rg1 Rd6 39. g4 f6 40. h4 Be8 41. Qd1 Rc6 42. g5 fxg5 43. hxg5 h5 44. Rxc6 bxc6 45. Bxh5 c5 46. Be5 d4 47. e4 d3 48. Bxe8 Rxe8 49. Qxd3 Rxe5 50. Qc4 Kh7 51. Rh1 Kg6 52. Qxa6 Kf7 53. fxe5 Qd8 54. Qd6 Qc8 55. g6  1-0

[Event "3rd Kolkata Open Grandmaster Chess Tournament "]
[Site "Kolkata India"]
[EventDate "2008.03.23"]
[Date "2008.04.02"]
[Round "10"]
[White "Barua, Dibyendu"]
[WhiteTitle "GM"]
[WhiteElo "2491"]
[Black "Shashikant, Kutwal"]
[BlackTitle "-"]
[BlackElo "2316"]
[Result "1-0"]
[Source "MonRoi"]

1. e4 c5 2. Nf3 d6 3. d4 cxd4 4. Nxd4 Nf6 5. Nc3 Nc6 6. Be2 e5 7. Nf3 h6 8. O-O Be7 9. Re1 O-O 10. h3 a6 11. Bf1 Qc7 12. Nd5 Nxd5 13. exd5 Nb8 14. c4 a5 15. b3 Na6 16. Bd3 Nc5 17. Bc2 f5 18. Bb2 Bf6 19. Rc1 Qb6 20. a3 Bd7 21. Rb1 e4 22. Bxf6 Rxf6 23. Nd2 Rff8 24. Nf1 f4 25. Qd4 Bf5 26. Bxe4 Qd8 27. Bxf5 Rxf5 28. Nd2 Rb8 29. Nf3 b5 30. cxb5 Rxb5 31. Qc4 Rb7 32. Nd4 Rf6 33. b4 axb4 34. axb4 Nd7 35. Nc6 Qb6 36. Re8 Nf8 37. Rbe1 f3 38. g3 Rg6 39. R1e3 Rf6 40. Ne7 Kh7 41. Qd3 g6 42. Rxf8  1-0